| 000 | 00831nam a2200205Ia 4500 | ||
|---|---|---|---|
| 001 | 1162 | ||
| 003 | GE_BSU | ||
| 008 | 181216s||||||||xx |||||||||||||| ||und|| | ||
| 040 | _cGE_BSU | ||
| 080 | _a621.01(075.8) | ||
| 100 | _aდარჩიაშვილი, გ. ნადირაშვილი, ჯ. | ||
| 245 | _aმექანიზმებისა და მანქანების თეორია | ||
| 245 | _bმოკლე კურსი საინჟინრო დარგის ბაკალავრების მოსამზადებლად | ||
| 260 | _aთბილისი | ||
| 260 | _c1998 | ||
| 300 | _a127 გვ, 20სმ. | ||
| 541 | _h5 ლ. | ||
| 653 | _aმექანიზმებისა და მანქანების თეორია | ||
| 942 | _cBK | ||
| 999 |
_c35311 _d35311 |
||